Management of company finance (Record no. 49958)

MARC details
000 -LEADER
fixed length control field 00544nam a2200157 a 4500
008 - FIXED-LENGTH DATA ELEMENTS--GENERAL INFORMATION
fixed length control field 120416s1980 ||||||||||||||||| || u
020 ## - INTERNATIONAL STANDARD BOOK NUMBER
International Standard Book Number 0442307233
050 ## - LIBRARY OF CONGRESS CALL NUMBER
Classification number HG 4026 Sam
100 ## - MAIN ENTRY--PERSONAL NAME
Personal name Samuels, John Malcolm
245 10 - TITLE STATEMENT
Title Management of company finance
250 ## - EDITION STATEMENT
Edition statement 3rd ed.
260 ## - PUBLICATION, DISTRIBUTION, ETC.
Place of publication, distribution, etc. Wokingham, [Bershire]
Name of publisher, distributor, etc. Van Nostrand
Date of publication, distribution, etc. 1980
300 ## - PHYSICAL DESCRIPTION
Extent x, 497p. : ill.
350 ## - PRICE (NR) (BK AM CF MU VM SE) [OBSOLETE]
Price 0.00
995 ## - RECOMMENDATION 995 [LOCAL, UNIMARC FRANCE]
-- 0.00
-- CBU-MAIN LIBRARY (Kitwe)
-- 1
-- 12.50
-- 1
-- AVAILABLE
-- Annex Low-Usage Collection
Holdings
Withdrawn status Lost status Source of classification or shelving scheme Damaged status Not for loan Home library Current library Shelving location Date acquired Total Checkouts Full call number Barcode Date last seen Price effective from Koha item type
          CBU-MAIN LIBRARY, KITWE. CBU-MAIN LIBRARY, KITWE.   11/30/2022   HG 4026 Sam 020175 11/30/2022 11/30/2022 MONOGRAPH